Pears encyclopedia. 1977-78 (Record no. 20221)

MARC details
000 -LEADER
fixed length control field 00331nam a2200133Ia 4500
082 ## - DEWEY DECIMAL CLASSIFICATION NUMBER
Classification number 003
Item number PEA;1
245 #0 - TITLE STATEMENT
Title Pears encyclopedia. 1977-78
250 ## - EDITION STATEMENT
Edition statement Ed.58,86
260 ## - PUBLICATION, DISTRIBUTION, ETC. (IMPRINT)
Place of publication Great Britain
Name of publisher Richard Clay
Year of publication 1977
700 ## - ADDED ENTRY--PERSONAL NAME
Personal name Christopher
700 ## - ADDED ENTRY--PERSONAL NAME
Personal name Cook, Mary Li
942 ## - ADDED ENTRY ELEMENTS (KOHA)
Koha item type Books
Holdings
Withdrawn status Lost status Damaged status Not for loan Home library Current library Date acquired Cost, normal purchase price Full call number Accession Number Koha item type
        RRII Library RRII Library 16/12/2021 4.25 003 PEA;1 00949 Books